[Event "Titled Tuesday intern op 09th Jan Early"]
[Site "Chess.com INT"]
[Date "2024.01.09"]
[Round "11"]
[White "De Souza, Cristiano Gomes"]
[Black "Jovic, Stanoje"]
[Result "0-1"]
[WhiteElo "2018"]
[BlackElo "2097"]
[PlyCount "130"]
[EventDate "2024.01.09"]
[EventType "swiss (blitz)"]
[EventRounds "11"]
[EventCountry "USA"]
[SourceTitle "CB03_2024"]
[SourceDate "2024.01.17"]
[SourceVersion "1"]
[SourceVersionDate "2024.01.17"]
[SourceQuality "1"]

1. d4 Nf6 2. c4 e6 3. Nf3 d5 4. Nc3 Bb4 5. Bg5 0-0 6. e3 h6 7. Bxf6 Qxf6 8. Rc1 Nd7 9. a3 Bxc3+ 10. Rxc3 c6 11. Bd3 dxc4 12. Bxc4 e5 13. 0-0 e4 14. Nd2 Re8 15. Ba2 Nb6 16. Rc5 Qg6 17. Qh5 Qxh5 18. Rxh5 Bg4 19. Rc5 Be2 20. Rfc1 Na4 21. Ra5 Nxb2 22. Rb1 b6 23. Rf5 Na4 24. Bxf7+ Kh8 25. Bxe8 Rxe8 26. Rc1 Re6 27. Rf8+ Kh7 28. Rc8 c5 29. dxc5 Nxc5 30. Rc7 a5 31. h3 Rd6 32. Nc4 Bxc4 33. Rxc4 Rd3 34. Rd4 Rxa3 35. Rc6 Rb3 36. Rdd6 Rb1+ 37. Kh2 Rb2 38. Rxb6 Rxf2 39. Rb5 Nd3 40. Rxa5 Ne1 41. Kg3 Rxg2+ 42. Kf4 Rh2 43. Kxe4 Rxh3 44. Ra7 Rh4+ 45. Ke5 Nf3+ 46. Kd5 Rg4 47. Rdd7 h5 48. e4 h4 49. e5 Rg5 50. Re7 h3 51. Ra1 h2 52. Rh1 Rg1 53. Rxh2+ Nxh2 54. e6 Ng4 55. Rf7 Nf6+ 56. Ke5 Re1+ 57. Kf5 Rf1+ 58. Ke5 Kg6 59. Rxf6+ gxf6+ 60. Kd6 Rd1+ 61. Ke7 f5 62. Kf8 Re1 63. e7 f4 64. e8Q+ Rxe8+ 65. Kxe8 f3 0-1

[Event "Titled Tuesday intern op 09th Jan Early"]
[Site "Chess.com INT"]
[Date "2024.01.09"]
[Round "3"]
[White "De Souza, Cristiano Gomes"]
[Black "Salman, Ilhan Serhat"]
[Result "1/2-1/2"]
[WhiteElo "2018"]
[BlackElo "2092"]
[PlyCount "99"]
[EventDate "2024.01.09"]
[EventType "swiss (blitz)"]
[EventRounds "11"]
[EventCountry "USA"]
[SourceTitle "CB03_2024"]
[SourceDate "2024.01.17"]
[SourceVersion "1"]
[SourceVersionDate "2024.01.17"]
[SourceQuality "1"]

1. d4 g6 2. c4 b6 3. Nf3 Bb7 4. g3 Bg7 5. Bg2 Nf6 6. 0-0 0-0 7. Nc3 d5 8. Ne5 c6 9. b3 Nbd7 10. Nxd7 Qxd7 11. cxd5 Nxd5 12. Nxd5 cxd5 13. Ba3 Rfc8 14. Qd2 Rc7 15. Rfc1 Rac8 16. Rxc7 Rxc7 17. e3 e6 18. Rc1 Qc8 19. Bf1 Bf8 20. Rxc7 Qxc7 21. Qc1 Qxc1 22. Bxc1 Bb4 23. Bd3 Kf8 24. Kf1 Ke7 25. Ke2 h5 26. Bd2 Bd6 27. f4 a5 28. Bb5 Bc8 29. Kd3 Bd7 30. Bxd7 Kxd7 31. e4 Kc6 32. e5 Be7 33. h3 Kb5 34. g4 hxg4 35. hxg4 a4 36. Bc3 Bh4 37. Ke3 Be7 38. Kd3 Ba3 39. Ke3 Bc1+ 40. Kf3 a3 41. Be1 Bb2 42. Ke3 Bc1+ 43. Bd2 Bb2 44. Kd3 Kc6 45. Be1 Kb5 46. Bc3 Bc1 47. Bd2 Bb2 48. Bc3 Bc1 49. Bd2 Bb2 50. Bc3 1/2-1/2

[Event "Titled Tuesday intern op 09th Jan Early"]
[Site "Chess.com INT"]
[Date "2024.01.09"]
[Round "6"]
[White "Rustamov, Rustam"]
[Black "De Souza, Cristiano Gomes"]
[Result "1-0"]
[WhiteElo "2261"]
[BlackElo "2018"]
[PlyCount "137"]
[EventDate "2024.01.09"]
[EventType "swiss (blitz)"]
[EventRounds "11"]
[EventCountry "USA"]
[SourceTitle "CB03_2024"]
[SourceDate "2024.01.17"]
[SourceVersion "1"]
[SourceVersionDate "2024.01.17"]
[SourceQuality "1"]

1. e4 c5 2. Nf3 d6 3. d4 cxd4 4. Nxd4 Nf6 5. Nc3 a6 6. Be2 e5 7. Nf5 Bxf5 8. exf5 d5 9. Bg5 d4 10. Bxf6 Qxf6 11. Nd5 Qd6 12. c4 Nc6 13. Bd3 Ne7 14. Qa4+ Qc6 15. Nc7+ Kd7 16. Qxc6+ Nxc6 17. Nxa8 Bb4+ 18. Ke2 Rxa8 19. a3 Be7 20. b4 Re8 21. Be4 g6 22. g4 Bg5 23. Rhb1 Kc7 24. a4 gxf5 25. gxf5 Bf4 26. a5 d3+ 27. Kxd3 Rd8+ 28. Bd5 Ne7 29. Ke4 Ng8 30. b5 Nf6+ 31. Kf3 Nxd5 32. cxd5 Rxd5 33. bxa6 bxa6 34. Ra3 Bxh2 35. Rc3+ Kd8 36. Rb8+ Ke7 37. Rc6 e4+ 38. Kxe4 Re5+ 39. Kd4 Rxf5 40. Rb7+ Kf8 41. Rxa6 Rxf2 42. Ra8+ Kg7 43. a6 Rd2+ 44. Kc3 Ra2 45. Raa7 Kg6 46. Kb3 Ra1 47. Ra8 Bg1 48. Rg8+ Kf6 49. Ra8 h5 50. Rb4 Be3 51. Ra4 Rb1+ 52. Kc2 Rc1+ 53. Kd3 Bg1 54. Rb8 Rc7 55. Rb7 Rxb7 56. axb7 Bh2 57. Ra8 Kg5 58. Ke2 h4 59. b8Q Bxb8 60. Rxb8 f5 61. Kf2 Kg4 62. Kg2 h3+ 63. Kg1 f4 64. Rb3 f3 65. Kf2 h2 66. Rb1 Kh4 67. Rh1 Kh3 68. Kxf3 Kh4 69. Kg2 1-0

[Event "Titled Tuesday intern op 19th Dec Early"]
[Site "Chess.com INT"]
[Date "2023.12.19"]
[Round "2"]
[White "Buksa, Nataliya"]
[Black "De Souza, Cristiano Gomes"]
[Result "1-0"]
[WhiteElo "2388"]
[BlackElo "2018"]
[PlyCount "49"]
[EventDate "2023.12.19"]
[EventType "swiss (blitz)"]
[EventRounds "11"]
[EventCountry "USA"]
[SourceTitle "CB52_2023"]
[SourceDate "2023.12.27"]
[SourceVersion "1"]
[SourceVersionDate "2023.12.27"]
[SourceQuality "1"]

1. d4 Nf6 2. Nc3 g6 3. e4 d6 4. f4 c6 5. Nf3 Bg7 6. Bd3 0-0 7. h3 b5 8. a3 a5 9. 0-0 Bb7 10. e5 Ne8 11. Ne4 Nc7 12. a4 b4 13. c4 bxc3 14. bxc3 Nd5 15. c4 Nb4 16. Bb1 N8a6 17. Ng3 dxe5 18. fxe5 e6 19. Ne4 c5 20. Bg5 Qc7 21. Nf6+ Kh8 22. Qe1 cxd4 23. Qh4 h5 24. Nxh5 f5 25. Nf6+ 1-0

[Event "Titled Tuesday intern op 19th Dec Early"]
[Site "Chess.com INT"]
[Date "2023.12.19"]
[Round "11"]
[White "De Souza, Cristiano Gomes"]
[Black "Abel Mathewos, Tilahun"]
[Result "1-0"]
[WhiteElo "2018"]
[BlackElo "1953"]
[PlyCount "59"]
[EventDate "2023.12.19"]
[EventType "swiss (blitz)"]
[EventRounds "11"]
[EventCountry "USA"]
[SourceTitle "CB52_2023"]
[SourceDate "2023.12.27"]
[SourceVersion "1"]
[SourceVersionDate "2023.12.27"]
[SourceQuality "1"]

1. d4 d5 2. c4 e6 3. Nf3 Nf6 4. Nc3 Be7 5. Bg5 Nbd7 6. e3 h6 7. Bh4 0-0 8. Rc1 a6 9. c5 c6 10. b4 b6 11. a4 a5 12. b5 cxb5 13. c6 Nb8 14. axb5 Bb4 15. Bd3 Re8 16. 0-0 Ra7 17. Ne5 g5 18. Bg3 Bxc3 19. Rxc3 Ne4 20. Bxe4 dxe4 21. Qc2 f5 22. c7 Rxc7 23. Rxc7 Nd7 24. Rc1 Nxe5 25. Bxe5 Bd7 26. Ra7 Bxb5 27. Qc7 Qxc7 28. Rcxc7 a4 29. Rh7 Kf8 30. Rh8# 1-0